00486pam a2200181 a 4500001000800000005001700008008004100025010001700066020001500083040001800098041000800116080001600124082002000140100000700160101000800167245006300175504006600238214107120180119090048.0980130s1999 njua b 001 0 eng  a 98009789  a0139130136 aDLCcDLCdDLC aeng a370.15 RIC00a370.15 RIC2211 a47 aEDU14aThe promise of educational psychology :cRichard E. Mayer. aIncludes bibliographical references (p. 252-271) and indexes.